Física

Збережено в:
Бібліографічні деталі
Автори: Romanelli, Lilia (Автор), Fendrik, Alejandro (Автор)
Формат: Книга
Мова:Іспанська
Опубліковано: Buenos Aires Prentice Hall 2001
Предмети:
Теги: Додати тег
Немає тегів, Будьте першим, хто поставить тег для цього запису!

MARC

LEADER 00000nam a2200000 a 4500
001 UCN1054
003 CL-VaPUC
008 010420e20010000AG |||||||||||||||||spa|d
082 0 4 |a 530  |b ROM  |2 21 
100 0 |a Romanelli, Lilia  |e author  |9 456421 
700 0 |a Fendrik, Alejandro  |e author  |9 456422 
245 1 0 |a Física 
300 |a 482 p 
942 |c BK 
945 |d 20010420 00:00:00  |a vberengu 
260 |a Buenos Aires  |b Prentice Hall  |c 2001 
650 0 |a Mecánica   |9 260096 
650 7 |a LEYES DE NEWTON  |2 CL-VaPUC  |9 354936 
650 0 |a Movimiento  |9 322237 
650 0 |a Energía   |9 259431 
650 0 |a Ondas  |9 260165 
650 0 |a Optica   |9 263171 
650 0 |a Electricidad  |9 260222 
650 0 |a Magnetismo  |9 260336 
650 0 |a Termodinámica   |9 259320 
583 |a last modification  |c 20010420 00:00:00  |k Rodrigo Vera 
999 |c 294647  |d 294645